[Известие 1739 года о двух чудах, лесном и морском, пойманных в Испании] (Запись № 13690761)

Подробности
000 -МАРКЕР
контрольное поле 02621nkm0a2200457 4500
001 - ИДЕНТИФИКАТОР ЗАПИСИ
контрольное поле RU\NLR\BIBL_A\012030149
005 - ИДЕНТИФИКАТОР ВЕРСИИ
контрольное поле 20260426051030.0
035 ## - ДРУГИЕ СИСТЕМНЫЕ НОМЕРА
Идентификатор записи (NLR Aleph) 012030149
100 ## - ДАННЫЕ ОБЩЕЙ ОБРАБОТКИ
Данные общей обработки 20260426 rusy50
101 0# - ЯЗЫК РЕСУРСА
Язык текста, звукозаписи и т.д. русский
102 ## - СТРАНА ПУБЛИКАЦИИ ИЛИ ПРОИЗВОДСТВА
Страна публикации Российская Федерация
116 ## - ПОЛЕ КОДИРОВАННЫХ ДАННЫХ: ИЗОБРАЗИТЕЛЬНЫЕ МАТЕРИАЛЫ
Кодированные данные для изобразительных материалов. iiyaxx cb zz
135 ## - ПОЛЕ КОДИРОВАННЫХ ДАННЫХ: ЭЛЕКТРОННЫЕ РЕСУРСЫ
Кодированные данные для электронного ресурса crcn 024anaba
200 1# - ЗАГЛАВИЕ И СВЕДЕНИЯ ОБ ОТВЕТСТВЕННОСТИ
Основное заглавие [Известие 1739 года о двух чудах, лесном и морском, пойманных в Испании]
Общее обозначение материала Изоматериал
Сведения, относящиеся к заглавию Копия изгишпанскаго местечка вигоса ...
-- Чудо лесное, поимано весною
-- [лубок]
210 ## - ПУБЛИКАЦИЯ, РАСПРОСТРАНЕНИЕ И ДР.
Место издания, распространения и т.д. [Москва
Дата издания, распространения и т.д. 17--]
215 ## - ФИЗИЧЕСКАЯ ХАРАКТЕРИСТИКА
Специфическое обозначение материала и объем 1 л.
Другие сведения о физической характеристике резц. грав., офорт
Размеры 32,2х39,7
300 ## - ОБЩИЕ ПРИМЕЧАНИЯ
Текст примечания Оттиск с доски первой половины 18 в.
316 ## - ПРИМЕЧАНИЯ ОБ ОСОБЕННОСТЯХ ЭКЗЕМПЛЯРА
Текст примечания Лист обрезан по рамке
Организация и экземпляр, к которому относится поле NLR
317 ## - ПРИМЕЧАНИЯ О ПРОИСХОЖДЕНИИ ЭКЗЕМПЛЯРА
Текст примечания Из собрания А.В. Олсуфьева
Организация и экземпляр, к которому относится поле NLR
325 ## - ПРИМЕЧАНИЕ О КОПИИ
Текст примечания Копия доступна в электронной библиотеке РНБ
518 1# - ЗАГЛАВИЕ В СТАНДАРТНОМ СОВРЕМЕННОМ ПРАВОПИСАНИИ
Основное заглавие, вариант заглавия или унифицированное заглавие Известие 1739 года о двух чудах, лесном и морском, пойманных в Испании
Сведения, относящиеся к заглавию Копия из испанского местечка Вигоса ...
-- Чудо лесное, поймано весною
606 1# - НАИМЕНОВАНИЕ ТЕМЫ КАК ПРЕДМЕТ
Наименование темы Лубок русский
Хронологический подзаголовок 18 в.
Системный номер авторитетной/нормативной записи 2397267
Идентификатор авторитетной/нормативной записи RU\NLR\AUTH\6601649195
686 1# - ИНДЕКСЫ ДРУГИХ КЛАССИФИКАЦИЙ
Индекс Щ153(2Р=Рус)4-465
702 #1 - ИМЯ ЛИЦА - ВТОРИЧНАЯ ОТВЕТСТВЕННОСТЬ
Код отношения Переводчик
Графика поля Кириллица
Материалы, к которым относится поле rus
Начальный элемент ввода Олсуфьев
Часть имени, кроме начального элемента ввода А. В.
Даты 1721-1784
Расширение инициалов личного имени Адам Васильевич
Системный номер авторитетной/нормативной записи 206075
Идентификатор авторитетной/нормативной записи RU\NLR\AUTH\770206127
712 02 - НАИМЕНОВАНИЕ ОРГАНИЗАЦИИ - ВТОРИЧНАЯ ОТВЕТСТВЕННОСТЬ
Код отношения Прочие
Начальный элемент ввода "Санкт-Петербургские ведомости", газета
Системный номер авторитетной/нормативной записи 453679
Идентификатор авторитетной/нормативной записи RU\NLR\AUTH\889978554
830 ## - ОБЩЕЕ ПРИМЕЧАНИЕ, СОСТАВЛЕННОЕ КАТАЛОГИЗАТОРОМ
Текст примечания Ровинский Д.А. Русские народные картинки : кн. 1-5. Санкт-Петербург : тип. Акад. наук, 1881. Т. 2. № 309б. М.М. ОЭст
852 00 - МЕСТОНАХОЖДЕНИЕ И ШИФР ХРАНЕНИЯ
Идентификатор организации NLR
Наименование фонда или коллекции (Sub-Location Identifier) Э
Шифр хранения (Call Number) Олс/6-1137,1138
Идентификатор единицы Эж932
856 #0 - МЕСТОНАХОЖДЕНИЕ ЭЛЕКТРОННЫХ РЕСУРОВ И ДОСТУП К НИМ
Универсальный идентификатор ресурса (Uniform Resource Identifier) http://vivaldi.nlr.ru/lk000010064/view
856 #1 - МЕСТОНАХОЖДЕНИЕ ЭЛЕКТРОННЫХ РЕСУРОВ И ДОСТУП К НИМ
Универсальный идентификатор ресурса (Uniform Resource Identifier) http://vivaldi.nlr.ru/lk000010064/cover
856 #2 - МЕСТОНАХОЖДЕНИЕ ЭЛЕКТРОННЫХ РЕСУРОВ И ДОСТУП К НИМ
Универсальный идентификатор ресурса (Uniform Resource Identifier) http://vivaldi.nlr.ru/lk000010064/text
942 ## - ДОПОЛНИТЕЛЬНЫЕ ЭЛЕМЕНТЫ ЗАПИСИ (АБИС)
Тип экземпляра АБИС Визуальный материал
980 3# - КОЛЛЕКЦИЯ
Название коллекции
980 3# - КОЛЛЕКЦИЯ
Название коллекции
980 ## - КОЛЛЕКЦИЯ
Название коллекции Национальная библиография
981 17 - КОЛЛЕКЦИЯ ЭЛЕКТРОННОЙ БИБЛИОТЕКИ
Название коллекции Изографические материалы
Название подколлекции Эстампы

Нет доступных экземпляров.